Teoretické aspekty priamych zahraničných investícií

Význam prílevu zahraničného kapitálu do jednotlivých krajín. Formy realizácie zahraničného kapitálu: portfóliové investície, zahraničné úvery, priame zahraničné investície. Vymedzenie a členenie priamych zahraničných investícií (funkčné hľadisko, podiel zahraničného investora, hľadisko dĺžky pôsoben...

ver descrição completa

Na minha lista:
Detalhes bibliográficos
Autor principal: Táncošová, Judita
Outros Autores: Slaný, Antonín
Formato: Capítulo de Livro
Idioma:eslovaco
Assuntos:
Tags: Adicionar Tag
Sem tags, seja o primeiro a adicionar uma tag!

MARC

LEADER 00000naa$a2200000$$$4500
001 0007547
005 20240502071352.0
041 0 |a slo 
044 |a SK 
245 1 0 |a Teoretické aspekty priamych zahraničných investícií  |c aut. Judita Táncošová, Antonín Slaný 
520 |a Význam prílevu zahraničného kapitálu do jednotlivých krajín. Formy realizácie zahraničného kapitálu: portfóliové investície, zahraničné úvery, priame zahraničné investície. Vymedzenie a členenie priamych zahraničných investícií (funkčné hľadisko, podiel zahraničného investora, hľadisko dĺžky pôsobenia). Teoretické prístupy k priamym zahraničným investíciám. 
610 2 0 |a investície priame zahraničné 
610 2 0 |a papiere cenné 
610 2 0 |a investície 
610 2 0 |a portfólio 
610 2 0 |a úver zahraničný 
610 2 0 |a investície zahraničné 
610 2 0 |a teórie ekonomické 
100 1 |a Táncošová, Judita 
700 1 |a Slaný, Antonín